| 000 | 00441cam a2200169ua 4500 | ||
|---|---|---|---|
| 020 | _c13.00 | ||
| 041 |
_aeng _h |
||
| 082 |
_a320.58 _bGOP/PO |
||
| 100 | _aGopinath, Dawan . | ||
| 245 |
_aPolitical philosophy of Mahatma Gandhi / _cDhawan Gopinath. _hTextual Documents |
||
| 260 |
_aAhmadabad : _bNavajivan publishing house , _c1962. |
||
| 300 | _a363 ; . | ||
| 365 | _a13.00 | ||
| 504 | _a | ||
| 942 | _cBK | ||
| 999 |
_c2471 _d2471 |
||